Follow That Line: Airplane! Quiz Stats

Quiz Updated Jan 4, 2015

Challenge
Share
Tweet
Embed
Score 0/25 Timer 15:00
6 Plays Today
% Correct
I am serious... and don't call me Shirley.
98.4%
Yes, yes, I remember. I had lasagna.
97%
It's the little room in the front of the plane where the pilots sit, but that's not important right now.
96.6%
It's a big building with patients, but that's not important right now.
95.9%
By the way, is there anyone on board who knows how to fly a plane?
95.8%
Cut me some slack, Jack! Chump don' want no help, chump don't *get* da' help!
95.8%
There is no stopping in the red zone.
95.4%
Oh, it's a big pretty white plane with red stripes, curtains in the windows and wheels and it looks like a big Tylenol.
95.2%
I can't tell you that. It's classified.
94.7%
It's worse than Detroit.
94.2%
Seven. Lieutenant Zip died this morning.
94.1%
How about this leaflet, 'Famous Jewish Sports Legends?'
94%
We're all counting on you.
93.5%
% Correct
Roger, Roger. What's our vector, Victor?
92.7%
It's a big building where generals meet, but that's not important right now.
91.4%
You ever seen a grown man naked?
90.3%
This? Why, I can make a hat or a brooch or a pterodactyl...
90.1%
It's a twister! It's a twister!
89%
And Leon is getting laaaaaarger.
88.7%
No.
88.6%
There's a sale at Penney's!
85.6%
Just like Gerald Ford.
84.1%
Why, that's the Russian New Year. We can have a parade and serve hot hors d'oeuvres...
78.2%
How about Mister Rogers?
78.1%
Trim and mixture: wash, soak, rinse, spin.
77.9%

You're not logged in!

Compare scores with friends on all Sporcle quizzes.
Join for Free
OR
Log In

You Might Also Like...

Show Comments

Extras

Top Quizzes Today


Score Distribution

Your Account Isn't Verified!

In order to create a playlist on Sporcle, you need to verify the email address you used during registration. Go to your Sporcle Settings to finish the process.

Report this User

Report this user for behavior that violates our Community Guidelines.

Details: